000
00317nam a2200133Ia 4500
005
20260328104247.0
008
260328s9999||||xx |||||||||||||| ||und||
100
_a
Morrell, Thomas
245
0
_a
Graffiti bible /
_c
Thomas Morrell
260
_b
Tectum Publishers
300
_a
384 p.
650
_a
DIBUJO
942
_c
BK
999
_c
10102
_d
10102